000 01256nam a2200229Ia 4500
999 _c39619
_d39619
001 6219
003 GE_BSU
005 20190628180719.0
008 181216s1968|||| |||||||||||||| ||geo||
041 _ageo
080 _a621.81(075.8) ე-39
100 _aეზიკაშვილი,ო.
_93080
245 _aმანქანათა ნაწილები : შეერთებები,ღერძები,ლილვები,საკისრები,ქუროები და ზამბარები :
_bდამხმ. სახელმძღვ. /
_cჭელიძე გ ; ხვინგი მ ; რედ : ჩ.გურგენიძე.
264 _aთბილისი :
_bგანათლება,
_c1968.
300 _a327 გვ .:
_bილ ;
_c20 სმ;
653 _aმანქანათა ნაწილები
653 _aშეერთებები, ღერძები,ლილვები,საკისრები,ქუროები და ზამბარები
700 _aჭელიძე, გ.
_93081
700 _aხვინგია, მ
_91303
700 _aგურგენიძე, გ
_eრედაქტორი
_92980
942 _cBK
_2udc